The Future of money and banking : (Record no. 145182)

MARC details
000 -LEADER
fixed length control field 00906nam a2200265 a 4500
008 - FIXED-LENGTH DATA ELEMENTS--GENERAL INFORMATION
fixed length control field
020 ## - INTERNATIONAL STANDARD BOOK NUMBER
International Standard Book Number 0960326278 (cased)
049 ## - LOCAL HOLDINGS (OCLC)
Holding library MAIN
090 ## - LOCALLY ASSIGNED LC-TYPE CALL NUMBER (OCLC); LOCAL CALL NUMBER (RLIN)
Classification number (OCLC) (R) ; Classification number, CALL (RLIN) (NR) HG221
003 - CONTROL NUMBER IDENTIFIER
control field
005 - DATE AND TIME OF LATEST TRANSACTION
control field 20230123133235.0
040 ## - CATALOGING SOURCE
Transcribing agency NUST
100 1# - MAIN ENTRY--PERSONAL NAME
Personal name Beckwith, Burnham P.
245 14 - TITLE STATEMENT
Title The Future of money and banking :
Remainder of title a united national non-bank payment system /
Statement of responsibility, etc. by Burnham P. Beckwith.
260 ## - PUBLICATION, DISTRIBUTION, ETC.
Place of publication, distribution, etc. Palo Alto, CA :
Name of publisher, distributor, etc. B. P. Beckwith,
Date of publication, distribution, etc. [1987?]
300 ## - PHYSICAL DESCRIPTION
Extent v, 154 p. ;
Dimensions 24 cm.
504 ## - BIBLIOGRAPHY, ETC. NOTE
Bibliography, etc. note Includes bibliographical references.
500 ## - GENERAL NOTE
General note Includes index.
650 #0 - SUBJECT ADDED ENTRY--TOPICAL TERM
Topical term or geographic name entry element Banks and banking
Geographic subdivision United States
General subdivision Forecasting.
650 #0 - SUBJECT ADDED ENTRY--TOPICAL TERM
Topical term or geographic name entry element Monetary policy
Geographic subdivision United States
General subdivision Forecasting.
650 #0 - SUBJECT ADDED ENTRY--TOPICAL TERM
Topical term or geographic name entry element Economic forecasting
Geographic subdivision United States.
651 #0 - SUBJECT ADDED ENTRY--GEOGRAPHIC NAME
Geographic name United States
General subdivision Economic conditions
Chronological subdivision 1981-
907 ## - LOCAL DATA ELEMENT G, LDG (RLIN)
a .b10059842
b 20-07-04
c 17-04-03
942 ## - ADDED ENTRY ELEMENTS (KOHA)
Koha item type Ordinary Loan Books
Call number prefix HG221
Holdings
Date last seen Total Checkouts Full call number Barcode Cost, replacement price Price effective from Koha item type Lost status Source of classification or shelving scheme Damaged status Not for loan Collection Withdrawn status Home library Current library Shelving location Date acquired Cost, normal purchase price
01/23/2023 1 HG221 BEC 92003005917 80.00 01/23/2023 BOOKS   LCC     NFIC   MAIN MAIN GEN 01/23/2023 80.00